[Event "Northumbria Masters 2018"]
[Site "Newcastle upon Tyne"]
[Date "2018.02.16"]
[Round "4"]
[White "Nasuta, Grzegorz"]
[Black "Tavoularis, Nicholas"]
[Result "1-0"]
[WhiteElo "2454"]
[BlackElo "2168"]
[Annotator "TA"]
[PlyCount "51"]
[EventDate "2018.??.??"]
[EventCountry "ENG"]
[SourceTitle "playchess.com"]
[Source "ChessBase"]
[SourceQuality "1"]

{[%evp 19,51,62,69,68,85,54,116,100,101,95,127,141,129,125,134,131,191,200,197,187,225,239,273,241,341,344,677,461,469,457,1408,1052,1033,1025]} 1. e4 d5 2. exd5 Qxd5 3. Nc3 Qd6 4. d4 Nf6 5. Nf3 a6 6. g3 Bg4 7. h3 {B01: Scandinavian Defence} Bxf3 8. Qxf3 c6 9. Be3 Nbd7 10. O-O-O e6 {LiveBook: 3 Games} 11. g4 $146 {[%cal Bg3g4,Bg4g5][%mdl 32]} ({Predecessor:} 11. Bf4 Qb4 12. Bc7 Rc8 13. a3 Qe7 14. Bf4 Qd8 {1-0 (36) Jones,G (2650)-Megaranto,S (2535) Almaty 2016}) 11... Be7 12. Bd3 Qb4 ({Black should try} 12... Nd5 $14) 13. a3 Qa5 14. Bd2 Qb6 15. g5 Nd5 16. Ne2 c5 {[#]} 17. Be4 $1 Nc7 {[#]} (17... O-O $16 {was necessary.}) 18. dxc5 $1 $18 Nxc5 19. Be3 a5 20. Nc3 {[%cal Be2c3,Bc3a4,Ba4c5][%mdl 32]} O-O 21. Qf4 $40 {[%mdl 128] White has strong attack.} Rac8 {[#]} (21... Nd5 $142 22. Nxd5 exd5) 22. Rd7 $1 {[%cal Rd7e7][%mdl 512]} Rfe8 $2 {[#]} (22... Nxd7 23. Bxb6 Nxb6 24. Bxb7 Ncd5 25. Nxd5 Nxd5 26. Bxd5 exd5) 23. Na4 $1 {[%mdl 512] White is clearly winning.} Qb5 (23... Nxa4 24. Bxb6) 24. Nxc5 e5 (24... Nd5 $142 25. Bxd5 exd5 26. Rxb7 Qc6) 25. Qf3 Ne6 26. Rxb7 {Precision: White = 85%, Black = 19%.} 1-0

[Event "Northumbria Masters 2018"]
[Site "Newcastle upon Tyne"]
[Date "2018.02.16"]
[Round "4"]
[White "Hunt, Adam C"]
[Black "Welling, Gerard"]
[Result "1/2-1/2"]
[WhiteElo "2416"]
[BlackElo "2320"]
[Annotator "TA"]
[PlyCount "58"]
[EventDate "2018.??.??"]
[EventCountry "ENG"]
[SourceTitle "playchess.com"]
[Source "ChessBase"]
[SourceQuality "1"]

{[%evp 20,58,12,-43,-32,-26,-14,-35,-24,-12,-3,-37,-34,-22,-24,-22,-27,-15,-18,-63,-35,-5,-6,-54,-58,-69,-43,-54,-53,-108,0,0,0,-95,0,0,0,-86,0,0,0]} 1. e4 c6 2. d4 d5 3. exd5 cxd5 4. c4 Nf6 5. Nc3 Nc6 6. Bg5 Be6 7. Be2 Qa5 {B13: Caro-Kann: Exchange Variation and Panov-Botvinnik Attack} 8. c5 (8. Bf3 dxc4 9. d5 O-O-O 10. Bd2 Nxd5 11. Nxd5 Rxd5 12. Bxd5 Qxd5 13. Nf3 Bf5 14. O-O e6 15. b3 Bd3 16. bxc4 Qf5 17. Re1 Bc5 18. Be3 Bb4 19. Bd2 Bc5 20. Be3 Bb4 21. Bd2 Bc5 22. Be3 {½-½ (22) Safarli,E (2664)-Karjakin,S (2779) Shamkir 2016}) 8... Ne4 9. Bd2 Nxd2 10. Qxd2 g6 11. Bf3 {LiveBook: 3 Games} (11. Bb5 $11) 11... Bg7 12. Nge2 O-O 13. O-O b6 $146 ({Predecessor:} 13... Rad8 14. a3 Qc7 15. b4 {1-0 (37) Amin,B (2640)-Yasser,M (1978) Mahalla 2015}) 14. cxb6 Qxb6 {[%cal Rc6d4]} 15. Rfd1 Rfd8 {[%cal Bf8d8,Bd8d6,Bd6c6,Bc6c7][%mdl 32]} 16. Rac1 Rd6 17. h3 Rb8 18. b3 Qa5 19. Qe3 Nb4 20. Rd2 Rc6 21. Rcd1 Rbc8 22. g4 a6 23. Kg2 R6c7 24. Ra1 (24. Kf1 $15) 24... Qa3 25. Nb1 Qa5 {[#] ...Nc2 is the strong threat.} 26. Nbc3 Qa3 ({Black should try} 26... Bd7 $17) 27. Rad1 Qa5 (27... h6 $11) 28. Ra1 $1 $17 Qa3 (28... Bd7 $17) 29. Nb1 Qa5 {Precision: White = 49%, Black = 56%.} 1/2-1/2

[Event "Northumbria Masters 2018"]
[Site "Newcastle upon Tyne"]
[Date "2018.02.16"]
[Round "4"]
[White "Raetsky, Alexander"]
[Black "Muir, Andrew J"]
[Result "1-0"]
[WhiteElo "2362"]
[BlackElo "2286"]
[Annotator "TA"]
[PlyCount "67"]
[EventDate "2018.??.??"]
[EventCountry "ENG"]
[SourceTitle "playchess.com"]
[Source "ChessBase"]
[SourceQuality "1"]

{[%evp 24,67,-14,-16,87,51,166,167,151,166,530,502,495,492,499,491,564,550,562,558,641,628,639,607,664,650,675,675,687,706,720,710,802,800,785,741,789,775,1138,1137,1660,1592,1411,1406,1237,1224]} 1. Nf3 Nf6 2. c4 e6 3. d4 d5 4. g3 dxc4 5. Bg2 c5 6. O-O Nc6 7. Ne5 Bd7 8. Na3 cxd4 9. Naxc4 Bc5 10. Bg5 {E04: Open Catalan: 5 Nf3} (10. Bf4 Nd5 11. Nxd7 Qxd7 12. Ne5 Nxe5 13. Bxe5 O-O 14. Bxd4 Bxd4 15. Qxd4 Qb5 16. Bxd5 exd5 17. e3 Rfc8 {1-0 (76) Karjakin,S (2759)-Naiditsch,A (2718) Wijk aan Zee 2014}) 10... O-O 11. Rc1 Rc8 12. Qb3 b6 13. Rfd1 {[#] LiveBook: 3 Games} Qe7 $146 {[#]} (13... Nxe5 $11 {keeps the balance.} 14. Nxe5 h6 15. Bxf6 gxf6 16. Nxd7 Qxd7) ({Predecessor:} 13... Nxe5 14. Nxe5 Qe8 15. Bxf6 gxf6 16. Ng4 Qe7 17. Qf3 f5 {0-1 (53) Arngrimsson,D (2392)-Kosic,D (2512) Budapest 2013}) 14. Qf3 $1 $16 b5 {[#]} (14... Nxe5 $14 15. Nxe5 Qd8) 15. Ng4 $1 $18 {[%cal Rg4f6]} bxc4 16. Nxf6+ Kh8 $2 (16... gxf6 {is a better chance.} 17. Bxf6 Ne5 18. Bxe5 f5 19. Bxd4 (19. Rxc4 Bb6 $18) 19... Ba4) 17. Qh5 {[%csl Gf6][%cal Rh5h7] White is clearly winning.} gxf6 18. Be4 {[%csl Ge4][%cal Rh5h7]} f5 {...f6 is the strong threat.} 19. Bxe7 Bxe7 20. Bxc6 Bxc6 21. Rxd4 Bd5 {[#]} 22. Rxd5 $1 exd5 23. Qxf5 Kg8 24. Qxd5 Bf6 25. Rxc4 Rcd8 26. Qf5 Rd6 27. b3 Rfd8 28. e3 {[%cal Be2e3,Be3e4][%mdl 32]} a6 29. Kg2 Kg7 30. Rc7 Rf8 31. e4 Re8 32. Qh5 Re7 33. Rxe7 Bxe7 34. Qe5+ {Precision: White = 100%, Black = 13%.} 1-0

[Event "Northumbria Masters 2018"]
[Site "Newcastle upon Tyne"]
[Date "2018.02.16"]
[Round "4"]
[White "Derakhshani, Borna"]
[Black "Hebden, Mark L"]
[Result "0-1"]
[WhiteElo "2317"]
[BlackElo "2454"]
[Annotator "TA"]
[PlyCount "108"]
[EventDate "2018.??.??"]
[EventCountry "ENG"]
[SourceTitle "playchess.com"]
[Source "ChessBase"]
[SourceQuality "1"]

{[%evp 14,108,10,0,42,14,38,37,56,6,0,4,2,0,0,-51,-38,-68,29,15,10,17,30,0,17,0,15,34,56,52,60,35,86,22,83,45,91,79,91,0,95,66,58,69,72,63,80,23,46,37,60,53,66,0,27,34,43,-82,-59,-119,-124,-164,-169,-439,-466,-462,-462,-461,-453,-498,-441,-633,-589,-939,-871,-987,-937,-1416,-1466,-29982,-29978,-29980,-29981,-29986,-29987,-29994,-29981,-29981,-29982,-29982,-29983,-29991,-29984,-29977,-6402,-29997,-29998]} 1. d4 Nf6 2. Bf4 c5 3. e3 g6 4. c3 Bg7 5. Nf3 Qb6 6. Qb3 d6 {A48: 1 d4 Nf6 2 Nf3 g6: Torre, London and Colle Systems} 7. Nbd2 O-O 8. h3 {LiveBook: 13 Games} Nfd7 $146 {The position is equal.} ({Predecessor:} 8... Be6 9. Bc4 Bxc4 10. Nxc4 Qa6 11. O-O Nc6 12. a4 Nd5 13. dxc5 Nxf4 14. exf4 dxc5 15. Qb5 {1-0 (52) Tomashevsky,E (2714)-Gelfand,B (2759) Sochi 2014}) 9. Bg5 Qd8 10. Rd1 Nc6 11. Ne4 {next Nxd6 is good for White.} cxd4 12. exd4 {White wants to play Nxd6.} h6 13. Bh4 Nb6 14. d5 (14. Be2 $11) 14... Nb8 $15 15. Nd4 N8d7 (15... Bd7 $15 16. Qc2 Nxd5) 16. Be2 Nc5 17. Nxc5 dxc5 18. Nb5 Bd7 {Strongly threatening ...c4!} 19. c4 Bxb5 20. Qxb5 Qd6 21. O-O Be5 22. Qb3 Nc8 (22... Rae8 $14) 23. Kh1 ({White should play} 23. Rfe1 $16) 23... Qc7 (23... Bf6 $11 24. Bg3 Qb6) 24. Qe3 Bf4 25. Qf3 Be5 26. Qe3 ({Better is} 26. b3 $16) 26... Kg7 (26... Bf4 $11 {remains equal.} 27. Qf3 Be5) 27. f4 {[%cal Bf2f4,Bf4f5][%mdl 32]} Bf6 $1 {[%cal Rf6h4]} 28. Bg3 {aiming for f5.} Nd6 29. f5 g5 30. Be5 (30. b3 $16) 30... b6 31. Rf3 Qd7 32. Bd3 Rh8 33. h4 (33. Qe2 $14) 33... Rag8 34. Re1 Kf8 35. b4 (35. Bxf6 $14 {stays ahead.} exf6 36. b3) 35... cxb4 36. Bxf6 (36. c5 $15 bxc5 37. Qxc5) 36... exf6 $17 37. Qd4 Kg7 38. hxg5 $2 {[#]} (38. Qb2) 38... hxg5+ $19 39. Kg1 Rh4 40. Qb2 Qc7 41. Qxb4 a5 42. Qb2 (42. Qa3 $142 Nxc4 43. d6 Nxd6 44. Qc1) 42... Rgh8 43. Kf2 Qc5+ 44. Ree3 Nxc4 45. Bxc4 Rxc4 46. Qb3 Rc2+ 47. Kg1 Rc1+ 48. Kf2 Rhh1 49. Qa3 Qd4 50. Qd3 Qh4+ 51. Rg3 Rhd1 52. Qb3 Rd2+ 53. Re2 {[#]} Qd4+ (53... Qh1 $142 $1 {[%mdl 512]} 54. Ke3 Rxe2+ 55. Kxe2 Qf1+ 56. Ke3 Re1+ 57. Kd2 Qf2+ 58. Kd3 Qxg3+ 59. Kc4 Re4+ 60. Kb5 Rb4+ 61. Kc6 Rxb3 62. axb3 Qxg2 63. Kb5 Qxd5+ 64. Ka6 Qxb3 65. Ka7 a4 66. Kb7 a3 67. Ka6 a2 68. Ka7 a1=Q+ 69. Kb8 Qg3+ 70. Kb7 Qd6 71. Kc8 Qa8#) 54. Qe3 Rxe2+ {Precision: White = 20%, Black = 39%.} 0-1

[Event "Northumbria Masters 2018"]
[Site "Newcastle upon Tyne"]
[Date "2018.02.16"]
[Round "5"]
[White "Donchenko, Alexander"]
[Black "Raetsky, Alexander"]
[Result "0-1"]
[WhiteElo "2583"]
[BlackElo "2362"]
[Annotator "TA"]
[PlyCount "33"]
[EventDate "2018.??.??"]
[EventCountry "ENG"]
[SourceTitle "playchess.com"]
[Source "ChessBase"]
[SourceQuality "1"]

{[%evp 9,33,8,27,23,54,45,54,49,42,46,64,46,25,44,39,0,35,35,25,16,52,-64,-77,-81,-54,-140]} 1. Nf3 d5 2. g3 Nc6 3. d4 Bg4 4. Bg2 Qd7 5. h3 Bh5 6. O-O {D02: 1 d4 d5 2 Nf3 sidelines, including 2...Nf6 3 g3 and 2...Nf6 3 Bf4} O-O-O 7. c3 $1 (7. Nbd2 f6 8. c4 dxc4 9. Nxc4 Kb8 10. Qb3 Bf7 11. Bd2 Bd5 12. Rac1 e6 13. e4 Bxc4 14. Qxc4 {1-0 (47) Sharafiev,A (2432)-Alekseenko,K (2594) chess.com INT 2018}) 7... f6 {[%cal Bf7f6,Bf6f5][%mdl 32]} 8. b4 $1 {[%cal Bb2b4,Bb4b5][%mdl 32] White is slightly better.} e5 9. b5 Nb8 10. a4 $146 ({Predecessor:} 10. dxe5 Qxb5 11. exf6 Nxf6 12. Nd4 Qa6 13. Bf4 Bd6 14. Bxd6 Qxd6 {0-1 (35) Macheda,A (1903)-Barletta,M (2247) Torino 2011}) 10... e4 11. Nfd2 {[%cal Bf3d2,Bd2b3,Bb3c5][%mdl 32]} f5 $1 12. Nb3 h6 13. Nc5 Qe8 14. Qc2 g5 15. f4 (15. c4 $14) 15... Nd7 16. Nb3 Bd6 17. a5 {Precision: White = 60%, Black = 48%.} (17. c4 $15) 0-1

[Event "Northumbria Masters 2018"]
[Site "Newcastle upon Tyne"]
[Date "2018.02.16"]
[Round "5"]
[White "Tan, Justin"]
[Black "Plat, Vojtech"]
[Result "1/2-1/2"]
[WhiteElo "2479"]
[BlackElo "2560"]
[Annotator "TA"]
[PlyCount "42"]
[EventDate "2018.??.??"]
[EventCountry "ENG"]
[SourceTitle "playchess.com"]
[Source "ChessBase"]
[SourceQuality "1"]

{[%evp 18,42,81,81,79,87,114,43,50,44,52,-67,23,0,0,0,19,24,22,22,33,20,21,14,5,33,30]} 1. e4 {[%cal Be2e4,Be4e5][%mdl 32]} c5 2. Nf3 Nc6 3. c3 Nf6 4. e5 Nd5 5. d4 cxd4 6. Bc4 Nb6 7. Bb3 d6 8. exd6 Qxd6 9. O-O d3 10. Na3 {LiveBook: 9 Games. B22: Sicilian: 2 c3} (10. Ng5 e6 11. Qf3 Ne5 12. Qg3 Ng6 13. Rd1 Qxg3 14. hxg3 Ne5 15. Nd2 Be7 16. Ndf3 Ned7 17. Ne4 f5 {0-1 (64) Sveshnikov,E (2554)-Shirazi,K (2415) Malakoff 2009}) 10... a6 11. Be3 Na5 12. Ng5 ({Better is} 12. Bxb6 $16 Qxb6 13. Ba4+ (13. Qxd3 Nxb3 14. axb3 Be6 $16) 13... Nc6 14. Qxd3) 12... Nxb3 $146 ({Predecessor:} 12... e6 13. Nxf7 Kxf7 14. Qh5+ g6 15. Qxa5 Nd5 16. Nc4 Qb8 17. Ne5+ Qxe5 {1-0 (69) Salmensuu,O-Innala,H Finland 1994}) 13. Qxb3 Nd5 $1 14. c4 ({White should play} 14. Rad1 $14 e6 15. Nc4 (15. Rxd3 Qc6 $16)) 14... Nf6 (14... Nxe3 $15 15. fxe3 f5) 15. Rad1 Bf5 $1 16. Qxb7 Rb8 (16... Qb8 $5 {[%cal Rb8b7]} 17. Qc6+ Bd7 $11) 17. Qa7 {[#] c5 is the strong threat.} Nd7 $1 18. c5 Qc6 $1 {aiming for ...Ra8.} 19. Nc4 Ra8 20. Na5 Qc8 21. Qb7 Qxb7 {Precision: White = 46%, Black = 65%.} 1/2-1/2

[Event "Northumbria Masters 2018"]
[Site "Newcastle upon Tyne"]
[Date "2018.02.16"]
[Round "5"]
[White "Hebden, Mark L"]
[Black "Vakhidov, Jakhongir"]
[Result "*"]
[WhiteElo "2454"]
[BlackElo "2532"]
[Annotator "TA RC"]
[PlyCount "58"]
[EventDate "2018.??.??"]
[EventCountry "ENG"]
[SourceTitle "playchess.com"]
[Source "ChessBase"]
[SourceQuality "1"]

{[%evp 26,58,-10,-8,25,18,33,0,0,0,0,0,31,21,60,68,77,41,28,38,47,-131,-131,-168,-175,-402,-376,-366,-375,-552,-524,-548,-545,-562,-560]} 1. e4 c5 2. Nf3 Nc6 3. Bb5 g6 4. O-O Bg7 5. Re1 Nf6 6. c3 O-O 7. d4 d5 8. e5 Ne4 9. Bxc6 bxc6 10. Nbd2 Nxd2 11. Bxd2 Qb6 12. Qa4 cxd4 13. cxd4 Bg4 14. Ba5 {LiveBook: 5 Games. B31: Sicilian: 2...Nc6 3 Bb5 g6} Qa6 (14... Qb5 15. Qxb5 cxb5 16. Rac1 Bxf3 17. gxf3 Rfc8 18. Bc7 Bh6 19. Rc5 e6 20. Re2 Bf8 21. Rc6 Be7 {½-½ (52) Ulybin,M (2501)-Ivanov,S (2335) Jyvaskyla 2014}) 15. Nd2 Rfb8 16. b4 $146 {White is slightly better.} ({Predecessor:} 16. Nb3 Rb5 17. Qa3 Bf8 18. Bb4 Qb7 19. Nc5 Qc8 20. h3 Bf5 21. Na4 Qd8 {½-½ (60) Houska,J (2397)-Dembo,Y (2375) Bled 2002}) 16... Bh6 17. Nb3 Qc4 18. Qa3 Bf5 (18... Qc2 {looks sharper.} 19. b5 cxb5 20. Qxe7 Bf5 21. h3 Rc8) 19. Qb2 Rxb4 20. Bxb4 Qxb4 21. Qe2 a5 {[%cal Ba7a5,Ba5a4][%mdl 32] [#] Strongly threatening ...a4.} 22. Rad1 Qc4 23. Qf3 $2 (23. e6 $14 {keeps the upper hand.}) 23... Bc2 $17 24. e6 f6 25. h4 $2 {[#]} (25. Rc1) 25... a4 26. Nc5 Bxd1 ({Weaker is} 26... Qxa2 27. Ra1 $17) 27. Rxd1 (27. Qxd1 {only move.} Qxa2 28. Re2) 27... Qxa2 $19 {Black is clearly winning.} 28. h5 Qc2 29. hxg6 hxg6 {Precision: White = 38%, Black = 71%.} *

[Event "Northumbria Masters 2018"]
[Site "Newcastle upon Tyne"]
[Date "2018.02.16"]
[Round "5"]
[White "Merry, Alan B"]
[Black "Welling, Gerard"]
[Result "1-0"]
[WhiteElo "2438"]
[BlackElo "2320"]
[Annotator "TA"]
[PlyCount "38"]
[EventDate "2018.??.??"]
[EventCountry "ENG"]
[SourceTitle "playchess.com"]
[Source "ChessBase"]
[SourceQuality "1"]

{[%evp 18,38,48,34,52,51,93,90,79,46,87,56,69,52,51,25,42,41,56,47,63,48,45]} 1. e4 c6 2. d4 d5 3. Nd2 dxe4 4. Nxe4 Nf6 5. Nxf6+ exf6 6. c3 Bd6 7. Bd3 O-O 8. Ne2 Re8 9. Qc2 Kh8 10. O-O Qc7 {B15: Caro-Kann: 3 Nc3: 3...g6 and 3...dxe4 4 Nxe4 Nf6 5 Nxf6+ exf6} 11. h3 ({Of course not} 11. Bxh7 Rxe2 12. Qxe2 Kxh7 $15) 11... f5 $146 ({Predecessor:} 11... Be6 12. b3 Nd7 13. Bb2 Nf8 14. Rad1 Rad8 15. c4 Ng6 16. Rfe1 Nh4 17. Nc3 Qc8 18. Bf1 {0-1 (35) Riemersma,L (2380)-Smith Hansen,M (2245) Naestved 1988}) 12. Re1 g6 {White is better.} 13. c4 Na6 14. a3 Bd7 15. b4 Bf8 $1 16. Bf4 Qd8 17. Be5+ {White is slightly better.} f6 18. Bf4 Nc7 19. Bd2 Be6 {Precision: White = 59%, Black = 68%.} 1-0

[Event "Northumbria Masters 2018"]
[Site "Newcastle upon Tyne"]
[Date "2018.02.16"]
[Round "5"]
[White "Eggleston, David J"]
[Black "Macklin, Paul"]
[Result "1/2-1/2"]
[WhiteElo "2409"]
[BlackElo "2307"]
[Annotator "TA"]
[PlyCount "50"]
[EventDate "2018.??.??"]
[EventCountry "ENG"]
[SourceTitle "playchess.com"]
[Source "ChessBase"]
[SourceQuality "1"]

{[%evp 16,50,21,35,58,58,62,48,49,44,81,75,65,45,48,56,43,0,27,0,73,7,8,0,29,19,38,-2,3,-6,0,-6,0,0,5,14,4]} 1. e4 g6 2. d4 Bg7 3. Nc3 c6 4. Nf3 d6 5. Be3 Nf6 6. Qd2 Qa5 7. h3 e5 {B08: Pirc Defence: Classical System} 8. Bd3 Nbd7 9. O-O {LiveBook: 32 Games} (9. dxe5 dxe5 10. O-O O-O 11. Nd5 Qd8 12. Nxf6+ Bxf6 13. Bc4 Qe7 14. Rfd1 {0-1 (48) Khenkin,I (2565)-Onischuk,V (2610) Dresden 2017}) 9... Qc7 {White is slightly better.} 10. a4 {[%cal Ba2a4,Ba4a5][%mdl 32]} O-O 11. a5 exd4 $146 ({Predecessor:} 11... Re8 12. dxe5 dxe5 13. Bc4 Nf8 14. Rfd1 Be6 15. Bd3 Red8 16. Qe1 h6 17. Na4 N8d7 18. Qc3 {1-0 (32) Carmaciu,L (2420)-Seder,N (2189) Olanesti 2013}) 12. Nxd4 Nc5 13. Bh6 Re8 {[%cal Rf6e4]} 14. Rfe1 Bh8 15. Nf3 Bd7 16. Ng5 Ne6 17. Nf3 {[%cal Bg5f3,Bf3d2,Bd2c4][%mdl 32]} Nc5 18. Qf4 ({Better is} 18. b4 $16 Nxd3 19. cxd3) 18... Ne6 19. Qh2 Rad8 20. Nd2 Bc8 21. Nc4 d5 {The position is equal.} 22. exd5 Qxh2+ 23. Kxh2 Nxd5 24. Ne4 Bg7 25. Bxg7 Kxg7 {Precision: White = 51%, Black = 42%.} 1/2-1/2

[Event "Northumbria Masters 2018"]
[Site "Newcastle upon Tyne"]
[Date "2018.02.16"]
[Round "5"]
[White "Percivaldi, Martin"]
[Black "Gormally, Daniel W"]
[Result "1-0"]
[WhiteElo "2395"]
[BlackElo "2483"]
[Annotator "TA"]
[PlyCount "39"]
[EventDate "2018.??.??"]
[EventCountry "ENG"]
[SourceTitle "playchess.com"]
[Source "ChessBase"]
[SourceQuality "1"]

{[%evp 21,39,64,68,23,25,-8,-13,-9,-14,-17,16,12,34,6,180,168,174,162,162,168]} 1. Nf3 Nf6 2. c4 e6 3. g3 b6 4. Bg2 Bb7 5. O-O c5 6. Nc3 Be7 7. d4 cxd4 8. Qxd4 O-O 9. Rd1 Nc6 {[%cal Bb8c6,Bc6a5,Ba5b7][%mdl 32]} 10. Qf4 a6 11. b3 {A30: Symmetrical English: Double Fianchetto and Hedgehog} b5 {LiveBook: 4 Games} 12. Bb2 $146 ({Predecessor:} 12. cxb5 axb5 13. Nxb5 Nd5 14. Qd2 Ba6 15. e4 Nf6 16. Nfd4 Qb6 17. Nxc6 dxc6 18. Ba3 c5 {1-0 (35) Hawkins,J (2503)-Gormally,D (2507) Dublin 2013}) 12... bxc4 13. bxc4 {White has an edge.} Na5 14. Na4 Bc6 15. c5 {[%cal Bc4c5,Bc5c6][%mdl 32]} Nb7 16. Nb6 Rb8 $1 17. Ne5 $36 {[%mdl 2048] White has the initiative.} Bb5 $2 {[#]} (17... Bxg2 $11 {and Black is okay.} 18. Kxg2 Nxc5) 18. Nbxd7 $18 {White is clearly better.} Bxd7 ({Wrong is} 18... Nxd7 $2 19. c6 $18) 19. Nxd7 Nxd7 20. c6 1-0

[Event "Northumbria Masters 2018"]
[Site "Newcastle upon Tyne"]
[Date "2018.02.16"]
[Round "5"]
[White "Gourlay, Iain"]
[Black "Nasuta, Grzegorz"]
[Result "1/2-1/2"]
[WhiteElo "2371"]
[BlackElo "2454"]
[Annotator "TA"]
[PlyCount "33"]
[EventDate "2018.??.??"]
[EventCountry "ENG"]
[SourceTitle "playchess.com"]
[Source "ChessBase"]
[SourceQuality "1"]

{[%evp 20,33,8,0,8,4,15,0,5,15,37,-12,43,34,39,15]} 1. c4 e5 2. g3 Nf6 3. Bg2 d5 4. cxd5 Nxd5 5. Nc3 Nb6 6. Nf3 Nc6 7. O-O Be7 8. Rb1 a5 9. d3 Be6 {A29: Englische Eröffnung (Vierspringer-Variante)} 10. Be3 O-O 11. Rc1 {LiveBook: 12 Partien} Ra6 $146 {Die Stellung ist ausgeglichen.} ({Vorgänger:} 11... Kh8 12. a3 f5 13. Bxb6 cxb6 14. Nd2 Rc8 15. Nb5 Bc5 16. Nc4 Qe7 17. b4 axb4 18. axb4 Bxc4 19. Rxc4 Nxb4 {0-1 (34) Wang,H (2717)-Tomashevsky,E (2728) Huaian 2016}) 12. d4 exd4 13. Nxd4 Nxd4 14. Bxd4 c6 15. b3 Qc8 ({Günstiger ist} 15... a4 $11) 16. Qc2 $14 a4 17. Be4 1/2-1/2

[Event "Northumbria Masters 2018"]
[Site "Newcastle upon Tyne"]
[Date "2018.02.16"]
[Round "5"]
[White "Abdulla, Murad"]
[Black "Hunt, Adam C"]
[Result "1/2-1/2"]
[WhiteElo "2260"]
[BlackElo "2416"]
[Annotator "TA"]
[PlyCount "44"]
[EventDate "2018.??.??"]
[EventCountry "ENG"]
[SourceTitle "playchess.com"]
[Source "ChessBase"]
[SourceQuality "1"]

{[%evp 18,44,45,35,50,24,33,25,53,32,89,79,80,79,73,62,91,89,90,39,41,41,45,19,60,8,11,14,14]} 1. e4 c5 2. Nf3 d6 3. d4 cxd4 4. Nxd4 Nf6 5. Nc3 a6 6. Be3 e5 7. Nf3 {[%cal Bd4f3,Bf3h4,Bh4g6][%mdl 32]} Be7 8. Bc4 O-O 9. O-O h6 {B90: Sicilian Najdorf: Unusual White 6th moves, 6 Be3 Ng4 and 6 Be3 e5} (9... Nc6 10. Re1 Be6 11. Nd5 Bxd5 12. exd5 Nb8 13. a4 Nbd7 14. a5 Ng4 15. Bc1 f5 16. Bf1 Bf6 17. h3 Nh6 {1-0 (30) Karjakin,S (2760)-Ivanchuk,V (2729) Medias 2017}) 10. Nh4 {LiveBook: 4 Games} Be6 11. Bxe6 fxe6 {White has an edge.} 12. Ng6 Re8 $146 ({Predecessor:} 12... Rf7 13. Qd3 Nbd7 14. Qc4 Nf8 15. Nxf8 Bxf8 16. Qxe6 Qc8 {1-0 (47) Thesing,M (2393)-Voekler,B (2371) Germany 2008}) 13. Qd3 Kh7 ({Black should try} 13... Nc6 $14) 14. Nxe7 $16 Qxe7 15. Rad1 Rd8 16. Na4 {Threatens to win with Nb6.} Nc6 17. Nb6 $36 {[%mdl 2048] White has strong initiative.} Rab8 18. Nc4 (18. f3 $16) 18... b5 $14 19. Nxd6 Qc7 20. Bc5 Nd7 $1 {[%cal Rd7c5]} 21. Qe3 (21. Ne8 $14 Nxc5 22. Nxc7 Nxd3 23. Rxd3) 21... Nxc5 $11 22. Qxc5 Rd7 $1 {Precision: White = 38%, Black = 78%.} 1/2-1/2

[Event "Northumbria Masters 2018"]
[Site "Newcastle upon Tyne"]
[Date "2018.02.17"]
[Round "6"]
[White "Donchenko, Alexander"]
[Black "Derakhshani, Borna"]
[Result "1-0"]
[WhiteElo "2583"]
[BlackElo "2317"]
[Annotator "TA"]
[PlyCount "41"]
[EventDate "2018.??.??"]
[EventCountry "ENG"]
[SourceTitle "playchess.com"]
[Source "ChessBase"]
[SourceQuality "1"]

{[%evp 20,41,52,56,116,97,102,110,261,262,268,262,325,329,322,335,294,287,343,317,329,274,439,327]} 1. Nf3 Nf6 2. g3 d5 3. Bg2 Bg4 4. c4 c6 5. Ne5 Bf5 6. cxd5 cxd5 7. Nc3 e6 8. Qa4+ Nbd7 9. g4 Bg6 10. h4 Bc2 {A11: English Opening: 1...c6} 11. Nxf7 {LiveBook: 10 Games} Kxf7 (11... Bxa4 $14 12. Nxd8 Rxd8 13. Nxa4 Nxg4) (11... Bxa4 12. Nxd8 Rxd8 13. Nxa4 Nxg4 14. Bh3 Ndf6 15. Rg1 Ne5 16. Bxe6 d4 17. b4 Ng6 18. a3 {½-½ (43) Demuth,A (2538)-Yuffa,D (2527) Cap d'Agde 2017}) 12. Qxc2 $16 Nxg4 {[#]White is better.} 13. Nxd5 $1 {[%mdl 512]} exd5 $2 (13... Rc8 $16 14. Qe4 Ngf6 15. Nxf6 Nxf6 16. Qxb7+ Rc7) 14. Bxd5+ $18 Ke8 {[#]} 15. Qe4+ $1 ({Weaker is} 15. Qf5 Ndf6 $17) 15... Be7 {Threatens to win with ...Ngf6.} 16. Qxg4 $146 ({Predecessor:} 16. Bxb7 Ngf6 {½-½ (16) Beletic,D (2310)-Peric,S (2113) Trieste 2018}) 16... Nf6 17. Qa4+ Kf8 18. Bf3 Rc8 19. d3 (19. Bxb7 Rc7 $18) 19... Bc5 20. Rg1 Nd5 $2 (20... Qb6 {is a better defense.}) 21. Qg4 ({But not} 21. Bxd5 Qxd5 22. Qg4 Rc7 $18) 1-0